000 00588nam a2200193Ia 4500
001 2960
003 GE_BSU
008 181216s||||||||xx |||||||||||||| ||und||
040 _cGE_BSU
080 _a624.041:665
100 _aГоломшток,И.С. Овсянников,Д.В. Самсонов,Н.А.
245 _aПроектирование и принципы сооружения нефтозаводов.
245 _cРед. В.П.Суханов.
260 _aМ.
260 _bГостоптехиздат.
260 _c1960.
300 _a354стр.22см.
942 _cBK
999 _c37008
_d37008